000 00808nam a22003010a 4500
001 PT47111
003 AR-LpoUNG
005 20210131231150.0
008 191001s2011||||ag |||||||||||||||||spa d
020 _a9789505470631
_c$13
040 _aAR-LpoUNG
_bspa
_cAR-LpoUNG
_eaacr
041 _aspa
044 _aag
082 0 _a808.068 3 651hob
100 1 _aTolkien, John Ronald Reuen
245 1 3 _aEl hobbit
250 _a31§ ed.
260 _aBuenos Aires :
_bMinotauro,
_cnoviembre 2011.
300 _a113 p. :
_bmapa
505 0 _aSugerido a partir de 14 años (etiqueta VERDE)
650 4 _aLITERATURA
650 4 _aNOVELAS
651 4 _aDOCUMENTOS TEORICOS O METODOLOGICOS
653 _aLITERATURA INFANTOJUVENIL
700 1 _aFigueroa, Manuel
_etr.
905 _a47111
942 _cLIB
999 _c8409
_d8409